000 00572nam a2200169 i 4500
001 29213
003 ES-MaACL
005 20230906154006.0
007 t|
008 030121s1861 po ||||1| por d
100 1 _aBarbosa, Antonio María.
_925471
245 1 0 _aEstudos sobre o Garrotelho on crup
_b: memoria apresentada a Academia Real das Sciencias de Lisboa /
_cpor Antonio María Barbosa.
260 _aLisboa :
_b[s.n.,
_c1861] (
_fTyp. da Academia)
300 _a184 p. ;
_c27 cm.
710 2 _aAcademia das Ciências de Lisboa.
_91159
852 _aES-MaACL
_jG-7018
999 _c29213
_d29213